Countries with the Most Bald People - Statistics

General Stats
  • This quiz has been taken 121 times
  • The average score is 9 of 12
Answer Stats
Baldness Rates % Country % Correct
41.04 United States of America
94%
41.23 United Kingdom
93%
43.24 Germany
88%
41.24 France
85%
41.01 Italy
84%
35.29 Russia
84%
44.60 Spain
84%
39.42 Canada
81%
40.84 Poland
75%
32.39 Australia
70%
39.42 Netherlands
63%
44.79 Czech Republic
45%
No matching quizzes found
Score Distribution
Percent of People with Each Score
Percentile by Number Answered
Your Score History
You have not taken this quiz